| 000 | 00683nam a2200193 i 4500 | ||
|---|---|---|---|
| 001 | 39368 | ||
| 003 | ES-MaACL | ||
| 005 | 20250830232545.0 | ||
| 007 | t| | ||
| 008 | 030227s1964 sp ||||1| spa d | ||
| 100 | 1 |
_aCalleja, Fernando. _933715 |
|
| 245 | 1 | 3 |
_aEl presidente de los Estados Unidos de América _b: sus funciones, sus prerrogativas, su elección / _cpor Fernando Calleja. |
| 260 |
_aMadrid : _b[Servicio de Informaciones de los Estados Unidos], _c1964. |
||
| 300 |
_a54 p. ; _c21 cm. |
||
| 650 | 4 |
_aPresidentes de gobierno- _zEstados Unidos. _916383 |
|
| 651 | 4 |
_aEstados Unidos- _xPolítica y gobierno _98554 |
|
| 852 |
_aES-MaACL _jC-25780 |
||
| 999 |
_c39368 _d39368 |
||